Astronomical uses of the space telescope (Record no. 7325)
[ view plain ]
| 000 -LEADER | |
|---|---|
| fixed length control field | 00958nam a2200241Ia 4500 |
| 003 - CONTROL NUMBER IDENTIFIER | |
| control field | IN-BaIIA |
| 008 - FIXED-LENGTH DATA ELEMENTS--GENERAL INFORMATION | |
| fixed length control field | 211028s9999 xx 000 0 eng d |
| 040 ## - CATALOGING SOURCE | |
| Transcribing agency | IIA Library |
| 080 ## - UNIVERSAL DECIMAL CLASSIFICATION NUMBER | |
| Universal Decimal Classification number | 520.2(082.2) |
| Item number | ESO |
| 111 ## - MAIN ENTRY--MEETING NAME | |
| Meeting name or jurisdiction name as entry element | ESA/ESO Workshop on Astronomical Uses of the Space Telescope |
| Location of meeting | Switzerland |
| Date of meeting or treaty signing | 1982 Mar. 29- Apr. 30 |
| 9 (RLIN) | 12557 |
| 245 #0 - TITLE STATEMENT | |
| Title | Astronomical uses of the space telescope |
| Remainder of title | proceedings of ESA/ ESO workshop held at Geneva, Switzerland, 12-14 February 1979 |
| Statement of responsibility, etc. | edited by F. Macchetto, F. Pacini and M. Tarenghi. |
| 260 ## - PUBLICATION, DISTRIBUTION, ETC. | |
| Place of publication, distribution, etc. | Germany |
| Name of publisher, distributor, etc. | European Space Agency |
| Date of publication, distribution, etc. | 1979 |
| 300 ## - PHYSICAL DESCRIPTION | |
| Extent | xx, 407p. |
| 490 ## - SERIES STATEMENT | |
| Series statement | ESO coference proceedings |
| 650 ## - SUBJECT ADDED ENTRY--TOPICAL TERM | |
| Topical term or geographic name entry element | Astronomical instrumentation |
| 9 (RLIN) | 3629 |
| 650 ## - SUBJECT ADDED ENTRY--TOPICAL TERM | |
| Topical term or geographic name entry element | Astronomy and astrophysics thesaurus |
| 650 ## - SUBJECT ADDED ENTRY--TOPICAL TERM | |
| Topical term or geographic name entry element | Space telescope |
| 9 (RLIN) | 12558 |
| 700 ## - ADDED ENTRY--PERSONAL NAME | |
| Personal name | Macchetto, F., ed. |
| 9 (RLIN) | 12559 |
| 700 ## - ADDED ENTRY--PERSONAL NAME | |
| Personal name | Pacini, F., ed. |
| 9 (RLIN) | 10101 |
| 700 ## - ADDED ENTRY--PERSONAL NAME | |
| Personal name | Tarenghi, M., ed. |
| 9 (RLIN) | 11253 |
| 710 ## - ADDED ENTRY--CORPORATE NAME | |
| Corporate name or jurisdiction name as entry element | European Space Agency |
| 9 (RLIN) | 12560 |
| 942 ## - ADDED ENTRY ELEMENTS (KOHA) | |
| Koha item type | Books |
| Withdrawn status | Lost status | Damaged status | Not for loan | Home library | Current library | Shelving location | Date acquired | Total Checkouts | Full call number | Barcode | Date last seen | Price effective from | Koha item type |
|---|---|---|---|---|---|---|---|---|---|---|---|---|---|
| IIA Library-Bangalore | IIA Library-Bangalore | General Stacks | 07/04/1983 | 520.2(082.2)/ ESO | 8132 | 05/11/2021 | 07/04/1983 | Books |